|
|
|
|
| LEADER |
00000nam0a2200000 4500 |
| 001 |
359965 |
| 005 |
20250211063212.0 |
| 035 |
|
|
|a (RuTPU)RU\TPU\retro\17272
|
| 035 |
|
|
|a RU\TPU\retro\17271
|
| 090 |
|
|
|a 359965
|
| 100 |
|
|
|a 20210211d1962 k y0rusy5003 ca
|
| 101 |
0 |
|
|a rus
|
| 102 |
|
|
|a RU
|
| 105 |
|
|
|a y z 001zy
|
| 200 |
1 |
|
|a Обработка деталей давлением
|e [тематический сборник]
|f Московский энергетический институт ; под ред. И. М. Павлова ; под ред. Г. И. Масаловича
|
| 210 |
|
|
|a Москва
|c Изд-во МЭИ
|d 1962
|
| 215 |
|
|
|a 157 с.
|c табл., ил.
|
| 225 |
1 |
|
|a Труды Московского энергетического института (МЭИ)
|v Вып. 43/1 : Технология металлов
|
| 320 |
|
|
|a Библиогр. в конце ст.
|
| 500 |
1 |
0 |
|a Труды Московского энергетического института
|9 88841
|
| 606 |
1 |
|
|a Металлообработка давлением
|2 stltpush
|3 (RuTPU)RU\TPU\subj\72676
|9 86085
|
| 610 |
1 |
|
|a сопротивление материалов
|
| 610 |
1 |
|
|a деформации
|
| 610 |
1 |
|
|a ударные воздействия
|
| 610 |
1 |
|
|a напряженные состояния
|
| 610 |
1 |
|
|a расчеты
|
| 610 |
1 |
|
|a высадка
|
| 610 |
1 |
|
|a усилие
|
| 610 |
1 |
|
|a сжатие-растяжение
|
| 610 |
1 |
|
|a штамповка
|
| 610 |
1 |
|
|a холодная высадка
|
| 610 |
1 |
|
|a температура разогрева
|
| 610 |
1 |
|
|a пластические деформации
|
| 610 |
1 |
|
|a нержавеющая сталь
|
| 610 |
1 |
|
|a технологические смазки
|
| 610 |
1 |
|
|a прокатка
|
| 610 |
1 |
|
|a кузнечное оборудование
|
| 675 |
|
|
|a 621.73
|v 3
|
| 702 |
|
1 |
|a Павлов
|b И. М.
|4 340
|
| 702 |
|
1 |
|a Масалович
|b Г. И.
|4 340
|
| 712 |
0 |
2 |
|a Московский энергетический институт
|c (1930-1992)
|3 (RuTPU)RU\TPU\col\20092
|9 27693
|
| 801 |
|
0 |
|a RU
|b 63413507
|c 19950704
|g psbo
|
| 801 |
|
1 |
|a RU
|b 63413507
|c 20060118
|g PSBO
|
| 801 |
|
2 |
|a RU
|b 63413507
|c 20220207
|g PSBO
|
| 942 |
|
|
|c BK
|